00414nam a2200121Ia 4500082001200000245005800012260003200070300000800102440002800110500004900138650001100187710009400198 a613 KE; 0aKey indicators of social consumption in India: health aNew Delhibthe authorc2015 av.p aNSS report/ KI(71/25.0) acontents: NSS 71st Round (January-June 2014) aHEALTH aIndia. Ministry of Statistics and Programme Implementation. National Sample Survey Office